A feltékény asszony
Fejtón [pravdepodobne preklad regionálneho autora.]
| Hlavný autor: | |
|---|---|
| Ďalší autori: | |
| Médium: | Článok |
| Jazyk: | Hungarian |
| Témy: | |
| Zdroj: |
1. Felvidéki Hirlap 1. Roč. 3, č. 27 (03.07.1910) s. 1 a 2 |
| LEADER | 00825nab#a2200325#ar4500 | ||
|---|---|---|---|
| 001 | 000073839 | ||
| 003 | SVKKK | ||
| 005 | 20040312xxxxxxx. | ||
| 008 | 06 c xo huno | ||
| FMT | |||
| 038 | |a SVKKK | ||
| 040 | |a SVKKK |b slo |e AACR2 | ||
| 041 | 0 | |a hun | |
| 044 | |a xo |c SK | ||
| 080 | |a 894.511(437.6)-9 | ||
| 100 | 1 | |a Bracco, Robert |4 aut | |
| 242 | 1 | 0 | |a Žiarlivá žena |
| 245 | 1 | 0 | |a A feltékény asszony |c Robert Bracco / [?] |
| 500 | |a mikrofilm | ||
| 520 | 2 | |a Fejtón [pravdepodobne preklad regionálneho autora.] | |
| 650 | 0 | 4 | |a fejtóny - preklady maďarské - texty |
| 700 | 0 | |a [?] |4 XXX | |
| 773 | 0 | |t Felvidéki Hirlap |g Roč. 3, č. 27 (03.07.1910) s. 1 a 2 | |
| 957 | |a Humenné [?] | ||
| 958 | |a DG | ||
| 958 | |a SK | ||
| 974 | |a Ba |d 20040312 | ||
| 992 | |a RBX | ||
| BAS | |||
| 998 | |a RETRO | ||